[Event "HCL-A2565"]
[Site "www.playchess.de"]
[Date "2006.03.02"]
[Round "18"]
[White "val2005"]
[Black "Maahinen"]
[WhiteElo "1675"]
[BlackElo "1691"]
[PlyCount "50"]
[Result "0-1"]

1.d4 d5 2.Nf3 c6 3.e3 Bf5 4.Bd3 Bxd3 5.Qxd3 Nd7 
6.O-O Ngf6 7.Nbd2 e6 8.b3 Bd6 9.Bb2 O-O 10.c4 Qe7 
11.e4 dxe4 12.Nxe4 Nxe4 13.Qxe4 Nf6 14.Qc2 Rad8 
15.h3 Qc7 16.Rfe1 Bf4 17.g3 Bd6 18.Rad1 Bb4 19.Re2 
Qa5 20.Bc1 c5 21.Re5 Nd7 22.Rh5 Nf6 23.Rh4 cxd4 
24.Bg5 d3 25.Qb1 Be7 0-1

[Event "HCL-C4164"]
[Site "www.playchess.de"]
[Date "2006.03.02"]
[Round "7"]
[White "Gordon"]
[Black "Varaboca"]
[WhiteElo "1008"]
[BlackElo "971"]
[PlyCount "80"]
[Result "0-1"]

1.e4 e5 {Salud and good luck}  2.Nf3 {Thank you, I 
hope we have a good game.}  Nc6 {Me too.}  3.Bb5 
a6 4.Ba4 b5 5.Bb3 Nf6 6.c3 Nxe4 7.O-O Ng5 8.Nxe5 
Nxe5 9.Qh5 g6 10.Qe2 Bg7 11.d4 O-O 12.dxe5 Ne6 
13.Nd2 d6 14.exd6 Qxd6 15.Ne4 Qe5 16.Bd2 Nc5 17.f3 
Nxb3 18.Rae1 Nc5 19.Nxc5 Qxc5+ 20.Be3 Qe7 21.c4 
Bd7 22.Red1 Be5 23.Qe1 bxc4 24.f4 Bxb2 25.Bd4 Be6 
26.Bxb2 Qc5+ 27.Bd4 Qc6 28.Qe5 f6 29.Qe3 Kg7 30.f5 
Bxf5 31.Rfe1 Rfe8 32.Qg3 Re6 33.Rxe6 Bxe6 34.Qf4 
Bf5 35.g4 Bc2 36.Rd2 g5 37.Qe3 Re8 38.Qf2 Bg6 
39.a4 c3 40.Rc2 Bxc2 0-1

[Event "HCL-C4013"]
[Site "www.playchess.de"]
[Date "2006.03.02"]
[Round "11"]
[White "notty"]
[Black "Walter2"]
[WhiteElo "800"]
[BlackElo "800"]
[PlyCount "39"]
[Result "1-0"]

1.g4 e5 2.b4 Bxb4 3.a3 Bc5 4.g5 Qxg5 5.Nf3 Qg4 
6.Nxe5 Qh5 7.d3 Qxe5 8.Bh3 Qxa1 9.Nd2 b5 10.Nb3 
Qc3+ 11.Kf1 Nf6 12.Nxc5 Qa1 13.Bxd7+ Nbxd7 14.Nb3 
Qe5 15.d4 Qf5 16.Rg1 Ne4 17.Rg2 Qh3 18.Bf4 Bb7 
19.Bxc7 Nd2+ 20.Qxd2 1-0

[Event "HCL-C4143"]
[Site "www.playchess.de"]
[Date "2006.03.02"]
[Round "3"]
[White "Grunert"]
[Black "donsimon"]
[WhiteElo "1012"]
[BlackElo "1071"]
[PlyCount "157"]
[Result "1/2-1/2"]

1.d4 d5 2.e3 Nf6 3.Nf3 Nc6 4.g3 Bg4 5.Be2 Bh3 
6.Nc3 Qd6 7.b3 e5 8.dxe5 Nxe5 9.Nxe5 Qxe5 10.Bb2 
O-O-O 11.Rb1 Bb4 12.Qd2 Ne4 13.Qd4 Qxd4 14.exd4 
Nxc3 15.Bxc3 Bxc3+ 16.Kd1 Bxd4 17.Re1 Bxf2 18.Rh1 
Bg2 19.Kd2 Rhe8 20.Rhd1 d4 21.Bg4+ Kb8 22.c3 Be4 
23.Rbc1 Be3+ 24.Ke2 d3+ 25.Kxe3 Bf5+ 26.Kf4 Be4 
27.c4 h6 28.Ke3 Bg2+ 29.Kd2 g6 30.Rc3 f5 31.Bxf5 
gxf5 32.Rxd3 Be4 33.Rxd8+ Rxd8+ 34.Ke2 Re8 35.Kf2 
c5 36.Re1 Rd8 37.g4 Rd2+ 38.Ke3 Rxh2 39.gxf5 Bxf5 
40.Kf4 Rf2+ 41.Ke5 Kc7 42.Rh1 Bd3 43.Rxh6 Rf5+ 
44.Ke6 Rf8 45.Ke5 Kd7 46.Rd6+ Ke7 47.Rxd3 Rf2 
48.a4 b6 49.Kd5 {(offering draw)}  Rf6 50.Re3+ Kd7 
51.Rh3 Rd6+ 52.Ke4 Rd4+ 53.Ke3 {(offering draw)}  
Rd1 54.Rh7+ Kc6 55.Rxa7 Rb1 56.a5 Rxb3+ 57.Kd2 b5 
58.cxb5+ Rxb5 59.Kc3 Rb4 60.Ra8 Kb7 61.Rh8 Ka6 
62.Ra8+ Kb7 63.Rh8 Ra4 64.Rh7+ Ka6 65.Rh6+ Kxa5 
66.Rh5 Kb5 67.Rh8 Rc4+ 68.Kb3 Rb4+ 69.Kc3 c4 
70.Rb8+ Kc6 71.Rc8+ Kb7 72.Rf8 Ra4 73.Rf7+ Kc6 
74.Rf8 Kc5 75.Rc8+ {(offering draw)}  Kd5 76.Rd8+ 
Ke5 77.Re8+ Kf4 78.Rc8 Ra3+ 79.Kxc4 {(offering 
draw)}  1/2-1/2

[Event "HCL-A2635"]
[Site "www.playchess.de"]
[Date "2006.03.02"]
[Round "6"]
[White "PhilipKaveny"]
[Black "Rale"]
[WhiteElo "1324"]
[BlackElo "1906"]
[PlyCount "58"]
[Result "0-1"]

1.e4 e6 2.d4 d6 3.Nf3 b6 4.Bd3 Bb7 5.O-O Nf6 6.c4 
Nbd7 7.d5 e5 8.Nc3 Nc5 9.b4 Nxd3 10.Qxd3 h6 11.a4 
Be7 12.h3 Qd7 13.Ba3 g5 14.c5 Qd8 15.cxd6 cxd6 
16.Qb5+ Qd7 17.Qd3 Rg8 18.Qb5 g4 19.Qxd7+ Kxd7 
20.hxg4 Rxg4 21.g3 Rag8 22.a5 bxa5 23.bxa5 Nxe4 
24.Nxe4 Rxe4 25.Rfb1 Bxd5 26.Rbd1 Ke6 27.Rde1 Ra4 
28.Bb2 Rxa1 29.Nd4+ Kd7 0-1

[Event "HCL-B3784"]
[Site "www.playchess.de"]
[Date "2006.03.02"]
[Round "4"]
[White "fire-serpent"]
[Black "Wilmy"]
[WhiteElo "1120"]
[BlackElo "1217"]
[PlyCount "94"]
[Result "0-1"]

1.e4 e5 {Hello to you, good luck and much 
pleasure!}  2.Nf3 Nc6 3.Bb5 Bc5 4.O-O d6 5.h3 Nf6 
6.d3 Be6 7.Bg5 h6 8.Bh4 g5 9.Bg3 Bd7 10.Nbd2 Nd4 
11.Nxd4 Bxd4 12.Bxd7+ Qxd7 13.Nb3 Bxb2 14.Rb1 Bc3 
15.Kh1 Qa4 16.f3 Qxa2 17.Be1 Bxe1 18.Rxe1 Qa4 
19.h4 gxh4 20.Nd2 b6 21.Nf1 O-O-O 22.Nh2 Rhg8 
23.Ra1 Qd4 24.Rxa7 b5 25.Qa1 Qxa1 26.Rexa1 Nh5 
27.R7a8+ Kd7 28.R8a7 Nf4 29.Ng4 Rg6 30.Rb1 Rb8 
31.Rb4 Kc6 32.c4 Nxd3 33.Rxb5 Nf4 34.Ra6+ Rb6 
35.Ra8 h5 36.Ne3 Rxb5 37.cxb5+ Kxb5 38.Rf8 f6 
39.Rf7 Ne6 40.Nd5 Kc6 41.Nxf6 Nf4 42.Nh7 Nxg2 
43.Nf6 Nf4 44.Kh2 Rg2+ 45.Kh1 h3 46.Rh7 Nd3 
47.Nxh5 Nf2+ 0-1

[Event "HCL-B3895"]
[Site "www.playchess.de"]
[Date "2006.03.02"]
[Round "7"]
[White "DavidFields"]
[Black "munther"]
[WhiteElo "1198"]
[BlackElo "1461"]
[PlyCount "40"]
[Result "0-1"]

1.d4 {hello from Texas, USA}  Nf6 2.c4 e6 3.Nc3 b6 
4.e4 Bb7 5.Bd3 d5 6.e5 dxc4 7.Bxc4 Bxg2 8.Bg5 Bxh1 
9.exf6 gxf6 10.Bh4 Bb7 11.Qd3 Bh6 12.Qg3 Qe7 
13.Nge2 Nc6 14.Bb5 O-O-O 15.Qg4 Rhg8 16.Qh3 Nxd4 
17.Bd3 Nf3+ 18.Kf1 Rxd3 19.Bg3 Rg6 20.Rc1 
Bxc1 0-1

[Event "HCL-B3885"]
[Site "www.playchess.de"]
[Date "2006.03.02"]
[Round "15"]
[White "RUDI"]
[Black "Tribun"]
[WhiteElo "1277"]
[BlackElo "779"]
[PlyCount "63"]
[Result "1-0"]

1.c4 {Hallo!
}  c5 {Hallo-,sei bitte nicht zu grob!!?Ich bin 
unverdient in eure Klasse gerutscht!:)}  2.Nc3 
{na, dann reichen wir Dich gleich nach A 
weiter!!!}  a6 {...ach nööö}  3.e4 Nf6 4.d3 e5 
5.Bg5 Be7 6.Nd5 Nc6 7.Bxf6 gxf6 8.Nxe7 Qxe7 9.Nf3 
d6 10.Be2 Rg8 11.O-O Rxg2+ 12.Kxg2 Qe6 13.Kh1 Ne7 
14.Rg1 Ng6 {..war ja ne tolle Idee von mir!!}  
15.Nd2 {die Idee, mir einen Turm zu schenken?}  
Qd7 {genau}  16.Bg4 {dann schenk mir doch noch die 
Dame}  Qe7 {..mann,ich dacht ja nur wenn ich da 
vorm König erstmal ein Loch reinschlage, komm ich 
vieleicht ran!? Nur meinem Spiel liegt selten eine 
Taktik zugrunde.Dafür aber Fehler!}  17.Qa4+ {das 
wird schon, je mehr Du spielst. ist doch bei allem 
so, Erfahrung ist die halbe Miete}  Kf8 {Ich 
hoffe! aber ich wollte Dir auch nicht die Ohren 
voll heulen.Also (Offering Draw) zzzzz...}  
18.Bxc8 Rxc8 19.f3 Nh4 20.Rg4 f5 21.exf5 Nxf5 
22.Rag1 Nh6 23.R4g5 Qf6 24.Qd1 Qf4 25.Ne4 f6 
26.R5g7 Qf5 27.Nxd6 Rd8 28.Ne4 Qxf3+ 29.Qxf3 f5 
30.Nxc5 Rd6 31.Qxb7 Rg6 32.Qe7+ 1-0

[Event "HCL-C4155"]
[Site "www.playchess.de"]
[Date "2006.03.02"]
[Round "5"]
[White "Tribun"]
[Black "Sargreg4"]
[WhiteElo "803"]
[BlackElo "800"]
[PlyCount "76"]
[Result "0-1"]

1.e4 d6 2.d4 b6 3.Nc3 Bb7 4.Bd3 Nd7 5.Be3 h6 6.Nf3 
Ngf6 7.O-O e5 8.d5 Be7 9.Be2 Nc5 10.Bb5+ Nfd7 
11.Re1 O-O 12.a4 a6 13.Bxd7 Qxd7 14.b4 Nxe4 
15.Nxe4 c6 16.Bxb6 cxd5 17.Ng3 d4 18.Nd2 Qc6 
19.Nf3 Qxb6 20.Rb1 Bxf3 21.Qxf3 Rac8 22.Rbc1 Qxb4 
23.Nf5 Rc7 24.Qg4 Bg5 25.Rcb1 Qxa4 26.Nxd6 Rxc2 
27.Rxe5 Qa2 28.Rbe1 Rc6 29.R5e8 Rxd6 30.Rxf8+ Kxf8 
31.Qf5 Be7 32.Qh7 f6 33.Qb1 Re6 34.Qb8+ Kf7 35.g3 
Rxe1+ 36.Kg2 Qd5+ 37.f3 Re2+ 38.Kh3 
Qh5+ 0-1

[Event "HCL-E1556"]
[Site "www.playchess.de"]
[Date "2006.03.02"]
[Round "15"]
[White "Abra"]
[Black "Emerson"]
[WhiteElo "1503"]
[BlackElo "1766"]
[PlyCount "154"]
[Result "1/2-1/2"]

1.e4 {Hello again,gg
}  e5 {yes, also welcome! our 3rd game - 

my 3rd match as black!
good luck in our tournament!   :-))}  2.Nf3 Qe7 
3.Bc4 h6 4.O-O Nf6 5.d3 d6 6.h3 g5 7.Nh2 Bg7 8.Nc3 
c6 9.a3 O-O 10.b4 Rd8 11.Qf3 Nbd7 12.Ne2 Nf8 
13.Ng3 b5 14.Bb3 a5 15.Bd2 a4 16.Ba2 Ng6 17.Qe2 
Nf4 18.Qd1 d5 19.Re1 Qd6 20.Nf5 Bxf5 21.exf5 N6h5 
22.Bxf4 Nxf4 23.Rb1 Qd7 24.Qg4 f6 25.Re3 h5 26.Qd1 
Qxf5 27.g4 hxg4 28.Qxg4 Qxg4+ 29.hxg4 Kh7 30.Nf1 
Ng6 31.Ng3 Nh4 32.Kh2 Kg6 33.Rh1 Rac8 34.Kg1 c5 
35.c4 cxb4 36.axb4 dxc4 37.dxc4 bxc4 38.Rc3 Rd4 
39.Bb1+ Kf7 40.Be4 Bf8 41.b5 Bb4 42.Rc1 Bd2 43.Rc2 
Bf4 44.Bc6 Rd1+ 45.Nf1 a3 46.Rh3 Bc1 47.Rxc4 Rb8 
48.Ra4 Ke6 49.Rb3 Kd6 50.f3 Ng6 51.Kf2 Ne7 52.Ra6 
Nxc6 53.Rxc6+ Ke7 54.Ra6 Rd6 55.b6 Ke6 56.Ke2 Rb7 
57.Ne3 Rd2+ 58.Ke1 Rb2 59.Raxa3 Rxb6 60.Rxb6+ Rxb6 
61.Rd3 Bxe3 62.Rxe3 Rb2 63.Rd3 Rg2 64.Kf1 Rb2 
65.Ke1 Rb4 66.Kf2 e4 67.Re3 Kd5 68.Kg3 exf3 
69.Kxf3 Rf4+ 70.Kg3 Re4 71.Rf3 Re6 72.Rf5+ Ke4 
73.Kf2 Rb6 74.Kg3 Ke3 75.Rf3+ {(offering draw)}  
Ke4 {I think it will be draw..., but let my try 2 
or 3 moves...}  76.Rf1 Rb3+ 77.Kg2 Rb2+ {(offering 
draw)}  1/2-1/2

[Event "HCL-C4108"]
[Site "www.playchess.de"]
[Date "2006.03.02"]
[Round "17"]
[White "aidogael"]
[Black "Skipper_Robert"]
[WhiteElo "1169"]
[BlackElo "982"]
[PlyCount "53"]
[Result "1-0"]

1.e4 e5 2.Nf3 d6 3.Bc4 Nf6 4.Nc3 h6 5.O-O Nc6 6.d4 
exd4 7.Nxd4 Bd7 8.Qf3 Qe7 9.Nd5 Qd8 10.Nxf6+ gxf6 
11.Nxc6 Bxc6 12.Qg4 Qe7 13.Bd3 Bd7 14.Qe2 O-O-O 
15.Qe3 b6 16.a4 Bg4 17.a5 Qd7 18.axb6 cxb6 19.Ba6+ 
Kb8 20.e5 fxe5 21.Qe4 Be7 22.Be3 f5 23.Qd5 Rdf8 
24.Bb5 Qc8 25.Bxb6 Qxc2 26.Rxa7 Qc8 
27.Qa8+ 1-0

[Event "HCL-C4182"]
[Site "www.playchess.de"]
[Date "2006.03.02"]
[Round "2"]
[White "Maneco"]
[Black "cla114"]
[WhiteElo "1097"]
[BlackElo "851"]
[PlyCount "62"]
[Result "0-1"]

1.e4 {Ciao!}  e5 {ciao}  2.Nf3 Nc6 3.d4 exd4 
4.Nxd4 Nxd4 5.Qxd4 d6 6.b3 Nf6 7.Bd3 Be7 8.Bb2 O-O 
9.O-O d5 10.exd5 Qxd5 11.Qh4 Qh5 12.Qf4 Be6 
13.Bxf6 Bxf6 14.c3 Bg5 15.Qxc7 b6 16.Qe5 Rae8 
17.Be2 Qh4 18.Qg3 Bd5 19.Qxh4 Bxh4 20.g3 Bg5 21.c4 
Bc6 22.h4 Bf6 23.Nd2 Rxe2 24.Rad1 Rfe8 25.Nb1 Rxa2 
26.Rd6 Bf3 27.Rd3 Bc6 28.Rfd1 g6 29.R3d6 Bf3 
30.R1d3 Re1+ 31.Kh2 Rh1+ 0-1

[Event "HCL-E1534"]
[Site "www.playchess.de"]
[Date "2006.03.02"]
[Round "1"]
[White "Kramnyk"]
[Black "oyetola"]
[WhiteElo "2000"]
[BlackElo "1481"]
[PlyCount "38"]
[Result "0-1"]

1.e4 e5 2.Nf3 Nc6 3.Bc4 Bc5 4.c3 Nf6 5.d4 Bb6 
6.O-O Nxe4 7.Re1 d5 8.Bb5 O-O 9.Bxc6 bxc6 10.Nxe5 
Qh4 11.Qf3 f6 12.Nxc6 Bg4 13.Qe3 Rae8 14.Nd2 Ng5 
15.Qxe8 Rxe8 16.Rxe8+ Kf7 17.Re1 Nh3+ 18.gxh3 Bxh3 
19.Nf1 Qg4+ 0-1

[Event "HCL-B3818"]
[Site "www.playchess.de"]
[Date "2006.03.02"]
[Round "8"]
[White "ft211"]
[Black "ivusko"]
[WhiteElo "1200"]
[BlackElo "1206"]
[PlyCount "36"]
[Result "0-1"]

1.e4 e5 2.Nf3 d6 3.d4 exd4 4.Nxd4 g6 5.Be2 Bg7 
6.O-O Ne7 7.Nc3 O-O 8.Bg5 Qe8 9.Bxe7 Qxe7 10.Qd2 
Bd7 11.f4 c5 12.Nf3 Bxc3 13.Qxc3 Nc6 14.Rad1 Rad8 
15.Bd3 Nb4 16.a3 Nxd3 17.Qxd3 Bc6 18.Kh1 
a6 0-1

[Event "HCL-B3872"]
[Site "www.playchess.de"]
[Date "2006.03.02"]
[Round "2"]
[White "The_Iceman75"]
[Black "ama49"]
[WhiteElo "1495"]
[BlackElo "1138"]
[PlyCount "51"]
[Result "1-0"]

1.e4 {Good luck to you from hamburg / germany}  e5 
{Greetings from Scotland}  2.Nf3 Nc6 3.Bb5 a6 
4.Ba4 b5 5.Bb3 h6 6.O-O Nf6 7.d4 exd4 8.e5 Ng8 
9.Nxd4 Nxd4 10.Qxd4 Bb7 11.Qf4 Qe7 12.Nc3 g5 
13.Qg3 Bg7 14.Re1 O-O-O 15.f4 Re8 16.Bd2 f6 
17.exf6 Qxe1+ 18.Rxe1 Rxe1+ 19.Bxe1 Bxf6 20.fxg5 
hxg5 21.Bd2 Ne7 22.Qd3 Bc6 23.Nd5 Bxd5 24.Bxd5 
Nxd5 25.Qxd5 Bxb2 26.Qa8+ 1-0

[Event "HCL-A2540"]
[Site "www.playchess.de"]
[Date "2006.03.02"]
[Round "7"]
[White "flavio"]
[Black "HOTSUN"]
[WhiteElo "1415"]
[BlackElo "1603"]
[PlyCount "60"]
[Result "1/2-1/2"]

1.c4 {hi, enjoy the match}  c5 {hi u2}  2.Nf3 Nc6 
3.Nc3 b6 4.d4 Nxd4 5.Nxd4 cxd4 6.Qxd4 Bb7 7.e4 e6 
8.Bd3 f6 9.Qe3 Ne7 {drat.hehe}  10.O-O {what's 
drat??}  Nc6 {it's a word in the UK to mean 
disapointment.like "darn" because i was hoping to 
trap your queen}  11.Re1 {I saw it just in time!}  
e5 12.Nd5 Nb4 13.Bd2 Nc6 14.Qe2 Nd4 15.Qd1 Be7 
16.a3 Bxd5 17.cxd5 O-O 18.Bc4 Rc8 19.Ba6 Rb8 
20.Be3 b5 21.a4 bxa4 22.Rxa4 Rxb2 23.Bxd4 exd4 
24.Qxd4 Qb6 25.Qxb6 axb6 26.Be2 Bb4 27.Rea1 Ba5 
28.R4a2 Rxa2 29.Rxa2 Rc8 30.g3 Kf7 {(offering 
draw)}  1/2-1/2

[Event "HCL-M903"]
[Site "www.playchess.de"]
[Date "2006.03.02"]
[Round "10"]
[White "Eyechess"]
[Black "maik42_"]
[WhiteElo "2059"]
[BlackElo "2196"]
[PlyCount "42"]
[Result "1/2-1/2"]

1.e4 {hello again.}  d6 {have fun again :-)}  2.d4 
g6 3.Nc3 Bg7 4.Be3 Nf6 5.Qd2 O-O 6.O-O-O c6 7.Nf3 
b5 8.e5 dxe5 9.dxe5 Qxd2+ 10.Rxd2 Ng4 11.Bg5 Nxe5 
12.Nxe5 Bxe5 13.g3 Be6 14.Bg2 Bxc3 15.bxc3 Bxa2 
16.Bxe7 Re8 17.Bf6 Bd5 18.Bxd5 cxd5 19.Rxd5 a6 
20.Rhd1 Nc6 21.c4 bxc4 {(offering draw)} 
 1/2-1/2

[Event "HCL-M885"]
[Site "www.playchess.de"]
[Date "2006.03.02"]
[Round "2"]
[White "PamperedPawn"]
[Black "cinephos"]
[WhiteElo "2369"]
[BlackElo "2072"]
[PlyCount "52"]
[Result "0-1"]

1.e4 {Nice to play again.  Thanks!  Hope you  and 
family are doing well.}  e5 {Hello again. I've 
been trying to mail you but it seems that you 
filtered out every e-mail sent by me. This is the 
reason why this "reunion" has delayed for so 
long.}  2.Nf3 {My mail is open to you. My email 
for this account is set up that all mail is 
blocked except for a list of domains that are 
acceptable.  I never removed your other addresses 
but was not aware of this new address. Nice to 
know you wanted this too. Welcome!}  Nc6 {The mail 
I sent today has not returned yet. Yesterday, when 
I tried to reply to the playchess mail you sent 
me, your adress was not correct. I am not going to 
investigate it any firther. Let it be this way.}  
3.Bc4 Nf6 4.Ng5 {I got you mail and I am 
impressed.  I hope the tons of luck I have sent 
you (and will continue to send you)will bring your 
hopes to fruition.  May I call you and have a chat 
over the phone?}  d5 {I am going into a month with 
a lot of pressure. It will be great to have a chat 
on the phone, or even a net meeting. We shall 
arrange it, I promise.}  5.exd5 Na5 6.Bb5+ c6 
7.dxc6 bxc6 8.Qf3 Be7 9.Bxc6+ Nxc6 10.Qxc6+ Bd7 
{How do you call an opening that allows Black to 
play two pawns down?}  11.Qc4 {While I was 
studying the board your youngest came into the 
room, took 2 pawns and left.      It is called 2 
knights defense... at this point black is 
hopelessly lost and should resign or, at the very 
least, attack white's queen with the rook.}  O-O 
{I don't think so... Well, did I tell you that 
next issue of greek chess magazine is supposed to 
include an article of mine upon computer chess 
history? I have already delivered the article, I 
expect to receive their feedback.}  12.Nc3 {I 
hopew it gets in the magazine.}  Rc8 13.Qd3 h6 
14.Nge4 Nxe4 15.Qxe4 {-You should resign.}  Bc6 
{Yes, of course}  16.Qe3 Bc5 17.Qh3 Bb7 {That's a 
difference between you and me. I set a trap 
inviting you to take a free Bishop, but I would 
not cry it loud as you did: "should resign or, at 
the very least, attack white's queen with the 
rook."}  18.O-O {sorry, don;t understand}  Rc6 
{OK. When you played 11.Qc4 you suggested 
11...Rc8. Right or wrong? I didn't need your 
comment to see that 12.Qxf7# follows.
Now, if I were you, when I played 16...Bc5 I 
should have said: "Hey! the Bishop is free" hoping 
that you would swallow the bait.}  19.Kh1 {I 
wouldn't take the bait... I don't do sushi.}  f5 
20.d3 Rg6 21.f3 e4 22.Bf4 exf3 23.gxf3 Qd4 24.Bd2 
f4 25.Ne4 Bxe4 26.fxe4 {I was surprised by your 
previous move}  f3 {Well, f4 was one of the most 
brave moves I have ever played. What do you think 
of this one?}  0-1

[Event "HCL-B3925"]
[Site "www.playchess.de"]
[Date "2006.03.02"]
[Round "7"]
[White "larese"]
[Black "emmanuel69"]
[WhiteElo "1200"]
[BlackElo "1200"]
[PlyCount "126"]
[Result "0-1"]

1.d4 d5 2.c4 c6 3.cxd5 cxd5 4.Nc3 Nf6 5.Nf3 Nc6 
6.Bg5 e6 7.e4 dxe4 8.Bxf6 Qxf6 9.Nxe4 Qd8 10.Nc3 
Bb4 11.Qd3 O-O 12.Rc1 Ba5 13.a3 Ne7 14.Qe4 Bb6 
15.Rd1 Rb8 16.Bd3 g6 17.h4 Nf5 18.Ne2 Bd7 19.h5 
Bc6 20.Qg4 Qf6 21.Ng5 Rbd8 22.hxg6 fxg6 23.Nxh7 
Qg7 24.Qh3 Rf7 25.Ng5 Re7 26.Rh2 Bxd4 27.g4 Nd6 
28.Bxg6 Qxg6 29.Rxd4 Qg7 30.Nf4 Qxd4 31.Ng6 Rde8 
32.Qh6 Qg7 33.Qh8+ Qxh8 34.Rxh8+ Kg7 35.Nxe7 Kxh8 
36.Ng6+ Kg7 37.Nf4 Kf6 38.Ngh3 Ne4 39.Nh5+ Kf7 
40.f4 Nf6 41.Ng5+ Kg6 42.Nxf6 Kxf6 43.Nh7+ Kg7 
44.Ng5 Bd5 45.Nh3 Rh8 46.Ng5 Rh4 47.Kf2 Rxg4 
48.Ke3 Rg2 49.b4 Rg3+ 50.Kd4 Kf6 51.Nh7+ Kf5 
52.Ng5 Kxf4 53.Kc5 Kxg5 54.a4 Rc3+ 55.Kb5 a6+ 
56.Kb6 Rc4 57.b5 axb5 58.axb5 e5 59.Ka7 e4 60.b6 
e3 61.Kb8 e2 62.Ka7 e1Q 63.Kb8 
Qe8+ 0-1

[Event "HCL-M835"]
[Site "www.playchess.de"]
[Date "2006.03.02"]
[Round "20"]
[White "R_I_C_H"]
[Black "mige"]
[WhiteElo "1663"]
[BlackElo "1789"]
[PlyCount "69"]
[Result "1/2-1/2"]

1.e4 {Hello From London!}  e5 {hi from Belgrade}  
2.Nf3 Nc6 3.Bb5 a6 4.Ba4 Nf6 5.O-O Be7 6.Re1 b5 
7.Bb3 d6 8.c3 Na5 9.Bc2 c5 10.d4 Qc7 11.Nbd2 cxd4 
12.cxd4 Bg4 13.h3 Bh5 14.d5 O-O 15.Nf1 h6 16.Ng3 
Bg6 17.Nh4 Rfc8 18.Nxg6 fxg6 19.Bb3 Nxb3 20.Qxb3 
{Happy Christmas mige!}  Qc2 21.Qe3 {Happy New 
Year!}  Bd8 22.Qf3 Ba5 23.Rf1 Rc4 24.b3 Rc3 25.Be3 
Rac8 26.Qd1 Bd8 27.Qxc2 R3xc2 28.Rfc1 R2xc1+ 
29.Rxc1 Rxc1+ 30.Bxc1 Bb6 31.Kf1 Bc5 32.f3 b4 
33.Ke2 Kf7 34.Kd3 Nd7 35.Nf1 {(offering draw)} 
 1/2-1/2

[Event "HCL-C4098"]
[Site "www.playchess.de"]
[Date "2006.03.02"]
[Round "26"]
[White "winnetou"]
[Black "spartan1"]
[WhiteElo "860"]
[BlackElo "908"]
[PlyCount "42"]
[Result "0-1"]

1.e4 {Greetings!}  e5 {And a big hello to you.}  
2.Nf3 d5 3.d3 d4 4.Nxe5 f6 5.Nf3 Bg4 6.b3 Nc6 
7.Bd2 Bd6 8.Be2 Bb4 9.c3 Bc5 10.Nxd4 Bxe2 11.Qxe2 
Nxd4 12.Qh5+ g6 13.Qxc5 Nc2+ 14.Kd1 Nxa1 15.e5 
Qxd3 16.Na3 O-O-O 17.Nc4 Qb1+ 18.Ke2 Qxh1 19.Bf4 
Qd1+ 20.Ke3 Nc2+ 21.Ke4 f5+ 0-1

[Event "HCL-E1515"]
[Site "www.playchess.de"]
[Date "2006.03.02"]
[Round "4"]
[White "icc17103"]
[Black "ChessFox"]
[WhiteElo "1618"]
[BlackElo "1496"]
[PlyCount "50"]
[Result "0-1"]

1.d4 f5 2.Bg5 Nf6 3.Bxf6 exf6 4.Nf3 d5 5.e3 Bd6 
6.c4 Be6 7.cxd5 Bxd5 8.Nc3 Bf7 9.Bd3 g6 10.O-O O-O 
11.Qe2 Re8 12.Rac1 Nd7 13.Nb5 Nb6 14.Nxd6 Qxd6 
15.a3 Nd5 16.Qc2 c6 17.Nd2 Re7 18.Nc4 Qc7 19.Rfe1 
Rae8 20.g3 Qd7 21.Qd2 Kg7 22.Qa5 a6 23.Qc5 Nc7 
24.Nd6 Rb8 25.a4 Ne6 0-1

[Event "HCL-B3870"]
[Site "www.playchess.de"]
[Date "2006.03.02"]
[Round "7"]
[White "epenz"]
[Black "nico21"]
[WhiteElo "972"]
[BlackElo "1534"]
[PlyCount "58"]
[Result "0-1"]

1.e4 e5 2.Nf3 Nc6 3.Nc3 Nf6 4.d3 h6 5.h3 Be7 6.Be2 
O-O 7.O-O d5 8.exd5 Nxd5 9.Nxd5 Qxd5 10.c4 Qd8 
11.b3 Bf5 12.Re1 Nb4 13.a3 Nc6 14.b4 a6 15.Bf1 Bf6 
16.Rb1 Re8 17.Nh2 Re6 18.Bb2 Nd4 19.Bxd4 Qxd4 
20.Nf3 Qd8 21.a4 b6 22.Rc1 Qe8 23.a5 bxa5 24.bxa5 
Rd8 25.Rc3 e4 26.Nh2 Bxc3 27.Re2 Rxd3 28.Qc2 Bxa5 
29.Re1 Bxe1 0-1

[Event "HCL-B3908"]
[Site "www.playchess.de"]
[Date "2006.03.02"]
[Round "9"]
[White "JaredW"]
[Black "a137"]
[WhiteElo "1500"]
[BlackElo "823"]
[PlyCount "53"]
[Result "1-0"]

1.e4 e5 {Hello,good game}  2.Nf3 {The same to 
you.}  Nc6 3.Nc3 Nf6 4.Bb5 a6 5.Bxc6 Bc5 6.Bd5 O-O 
7.O-O c6 8.Bb3 {I apologize for the delay in 
responding to your last move. I am a college 
student, and had three exams this week.}  d5 
{Don't worry about the delay, you h}  9.Nxe5 Bd4 
10.Nf3 Bxc3 11.dxc3 Nxe4 12.c4 Be6 13.cxd5 Bxd5 
14.Bxd5 Qxd5 15.Qxd5 cxd5 16.Bf4 b5 17.Rfe1 Rac8 
18.c3 Nc5 19.Rad1 Rcd8 20.g3 f6 21.Re7 Rf7 22.Rxf7 
Kxf7 23.b3 h6 24.c4 Ke6 25.Nd4+ Kf7 26.Nc6 Rd7 
27.cxd5 1-0

[Event "HCL-M844"]
[Site "www.playchess.de"]
[Date "2006.03.02"]
[Round "26"]
[White "edmonte"]
[Black "DeepFrank"]
[WhiteElo "2158"]
[BlackElo "2097"]
[PlyCount "36"]
[Result "0-1"]

1.e4 c5 {hi and good game!}  2.Nc3 Nc6 3.g3 g6 
4.Bg2 Bg7 5.d3 d6 6.f4 e6 7.Nf3 Nge7 8.O-O O-O 
9.Be3 Nd4 10.Rb1 b6 11.e5 Nxf3+ 12.Bxf3 Rb8 
13.exd6 Qxd6 14.Re1 Rd8 15.Bf2 Bb7 16.Ne4 Qc7 
17.Bg2 Rd7 18.Qe2 Nf5 0-1

[Event "HCL-T266"]
[Site "www.playchess.de"]
[Date "2006.03.02"]
[Round "27"]
[White "wbaldan"]
[Black "daveboy6968"]
[WhiteElo "1700"]
[BlackElo "940"]
[PlyCount "37"]
[Result "1-0"]

1.e4 e6 2.d4 d5 3.Nc3 Bb4 4.e5 c5 5.a3 Bxc3+ 
6.bxc3 c4 7.Qg4 g6 8.h4 h5 9.Qg3 Nh6 10.Bg5 Qb6 
11.Qe3 Ng4 12.Qc1 O-O 13.f3 Nxe5 14.dxe5 Bd7 
15.Bf6 Nc6 16.Qh6 Qe3+ 17.Qxe3 b6 18.Qh6 Na5 
19.Qg7+ 1-0

[Event "HCL-E1573"]
[Site "www.playchess.de"]
[Date "2006.03.02"]
[Round "12"]
[White "ABE"]
[Black "yannick"]
[WhiteElo "1638"]
[BlackElo "1532"]
[PlyCount "40"]
[Result "0-1"]

1.d4 {hi agaun. Good luck}  d5 {same for you}  
2.c4 e6 3.Nc3 c6 4.e3 Bb4 5.Bd2 Nf6 6.Nf3 O-O 
7.Bd3 dxc4 8.Bxc4 b5 9.Bd3 Bd6 10.Qc2 Na6 11.a3 b4 
12.axb4 Nxb4 13.Qb1 Nxd3+ 14.Qxd3 a5 15.Ne4 Ba6 
16.Nxf6+ Qxf6 17.Qc2 Bb5 18.Bc3 Bb4 19.Ne5 c5 
20.dxc5 Qxe5 0-1

[Event "HCL-B3907"]
[Site "www.playchess.de"]
[Date "2006.03.02"]
[Round "16"]
[White "dg"]
[Black "Littlearza"]
[WhiteElo "1243"]
[BlackElo "1430"]
[PlyCount "78"]
[Result "0-1"]

1.e4 {hi}  e5 2.Nf3 Nc6 3.Bb5 Nd4 4.Nxd4 exd4 
5.O-O Bc5 6.d3 c6 7.Bc4 d5 8.exd5 cxd5 9.Re1+ Be6 
10.Bb5+ Ke7 11.Bg5+ f6 12.Qg4 Qb6 13.Bh4 g5 
14.Bxg5 fxg5 15.Qxg5+ Kf8 16.Qf4+ Bf7 17.a4 a6 
18.Bd7 Bd6 19.Qf3 Qc7 20.Qh3 Bxh2+ 21.Qxh2 Qxd7 
22.Nd2 Re8 23.Nf3 Rxe1+ 24.Rxe1 Ne7 25.b3 Ke8 
26.Qb8+ Qd8 27.Qxb7 Rg8 28.Qxa6 Rg6 29.Qb5+ Kf8 
30.Nxd4 Qc7 31.a5 Qc3 32.Qb8+ Be8 33.Qf4+ Bf7 
34.Qb8+ Be8 35.Qf4+ Bf7 36.Ne6+ Kg8 37.Qb8+ Nc8 
38.Re3 Bxe6 39.Qd6 Nxd6 0-1

[Event "HCL-E1573"]
[Site "www.playchess.de"]
[Date "2006.03.02"]
[Round "9"]
[White "ABE"]
[Black "ippuli"]
[WhiteElo "1638"]
[BlackElo "1608"]
[PlyCount "29"]
[Result "1-0"]

1.e4 {hi and good luck}  e5 {U2}  2.Nf3 f5 3.Bc4 
Nc6 4.d3 fxe4 5.dxe4 Na5 6.Bxg8 Rxg8 7.Qd5 Nc6 
8.Qxg8 h6 9.O-O d6 10.Be3 Qf6 11.Qb3 b6 12.Nc3 Be6 
13.Nd5 Qd8 14.Nxc7+ Ke7 {Oops...}  
15.Qxe6+ 1-0